| 000 | 00000nas 2200000zi 4500 |
| 001 | 9.934183 |
| 003 | CaOODSP |
| 005 | 20250220134105 |
| 006 | m o d f |
| 007 | cr ||||||||||| |
| 008 | 240220d19791992oncuu m o f0###a0eng|d |
| 040 | |aCaOODSP|beng|erda|cCaOODSP |
| 043 | |an-cn--- |
| 086 | 1 |aEn57-55E-PDF |
| 130 | 0 |aCanadian Climate Centre report. |
| 245 | 10|aCanadian Climate Centre report / |cAtmospheric Environment Service. |
| 264 | 1|aDownsview, Ontario : |bAtmospheric Environment Service, |c1979-[1992?] |
| 336 | |atext|btxt|2rdacontent |
| 337 | |acomputer|bc|2rdamedia |
| 338 | |aonline resource|bcr|2rdacarrier |
| 362 | 1 |aBegan with: No. 79-1; ceased with: No. 92-3? |
| 500 | |aDigitized edition from print [produced by Environment and Climate Change Canada]. |
| 500 | |aIssue 80-3 has French text following the English text. |
| 515 | |aSome volumes bear additional numerical designation CCRN. |
| 530 | |aSome numbers issued on microfiche format. |
| 588 | |aDescription based on: No. 80-6. |
| 650 | 0|aClimatology. |
| 650 | 6|aClimatologie. |
| 651 | 0|aCanada|xClimate. |
| 651 | 6|aCanada|xClimat. |
| 710 | 2 |aCanadian Climate Centre, |eissuing body. |